Complete the Card - WWE SummerSlam 2008 - Statistics

General Stats
  • This quiz has been taken 336 times
  • The average score is 13 of 16
Answer Stats
Answer % Correct
The Undertaker
99%
Edge
98%
John Cena
98%
Triple H
96%
Batista
93%
Matt Hardy
92%
CM Punk
91%
Jeff Hardy
91%
Beth Phoenix
81%
Santino Marella
79%
John Bradshaw Layfield
76%
Mark Henry
75%
The Great Khali
75%
Kofi Kingston
70%
Mickie James
66%
MVP
63%
No matching quizzes found
Score Distribution
Percent of People with Each Score
Percentile by Number Answered
Your Score History
You have not taken this quiz